000 00429nam a2200181Ia 4500
001 25020
005 20260414151122.0
008 260414t1995||||xx |||||||||||||| ||spa||
041 _aESP
082 _a346.1
_bI69
100 _aIribarne, Héctor Pedro
_eAUT
245 0 _aDe los daños a la persona
_b
260 _c1995
300 _a968 páginas :
_c23 cm.
650 _aDER
654 _aCDE
942 _cLIB
_dJUS
_fJUS
_2ddc
_n
999 _c25020
_d25020